000 00822nas a2200289 4500
001 BR9703189
003 BR-BrBNA
005 20231205100352.0
007 ta
008 230509b bl.|||p| |||| 00| 00por d
040 _aBR-BrBNA
_bpor
_cBiblioteca Nacional de Agricultura
041 _a(Pt)
072 _aL73
100 1 _aAhid, S.M.M.
100 1 _aAlmeida, V.M. de
100 1 _aSaraiva, L.Q.
100 1 _aCastro, C.C.
245 1 _aOcorrencia da filariose canina na Ilha de Sao Luis - MA
650 _aCao
650 _aDirofilariose
650 _aVerminose
650 _aFilariose
650 _aMaranhao
773 0 _tPesquisa em Foco - Universidade Estadual do Maranhao (Brazil)
_x
_g(Jan-Dec 1994), v. 3(3) p. 41-51
_wBR9703189
909 _a202311
_bLúcia
_c55
_dLúcia Elande
942 _2AGRIS
_n0
_cANA
999 _c155628
_d155628